书目信息 |
| 题名: |
机械原理
|
|
| 作者: | 黄茂林 主编 | |
| 分册: | ||
| 出版信息: | 重庆 重庆大学出版社 1995.07 |
|
| 页数: | 217页 | |
| 开本: | 16开 | |
| 丛书名: | ||
| 单 册: | ||
| 中图分类: | TH111-43 | |
| 科图分类: | ||
| 主题词: | 机构学 | |
| 电子资源: | ||
| ISBN: | 7-5624-0975-7 | |
| 000 | 00512nam0 2200181 45 | |
| 001 | 0009021677 | |
| 005 | 20000902180954.6 | |
| 010 | @a7-5624-0975-7@d15.00元 | |
| 100 | @a20000902d1995 km y0chiy0120 ea | |
| 101 | 0 | @achi |
| 200 | 1 | @a机械原理@AJi Xie Yuan Li@f黄茂林等主编@FHuang Mao Lin Deng Zhu Bian |
| 210 | @a重庆@c重庆大学出版社@d1995.07 | |
| 215 | @a217页@d16开 | |
| 606 | 0 | @a机构学 |
| 690 | @aTH111-43@v3 | |
| 701 | 0 | @a黄茂林@4主编 |
| 801 | @aCN@bPftUser@c20000902 | |
| 905 | @dTH111-43@eH454@b116022-026@f5 | |
| 机械原理/黄茂林等主编.-重庆:重庆大学出版社,1995.07 |
| 217页;16开 |
| ISBN 7-5624-0975-7:15.00元 |
| ● |
| 相关链接 |
|
|
|
正题名:机械原理
索取号:TH111-43/H454
 
预约/预借
| 序号 | 登录号 | 条形码 | 馆藏地/架位号 | 状态 | 备注 |
| 1 | 116022 | 201160224 | 自科二线504/504自科库 40排1列1层/ [索取号:TH111-43/H454] | 在馆 | |
| 2 | 116023 | 201160233 | 自科库501/501自科库 32排1列3层/ [索取号:TH111-43/H454] | 在馆 | |
| 3 | 116024 | 201160242 | 自科库501/501自科库 32排1列3层/ [索取号:TH111-43/H454] | 在馆 | |
| 4 | 116025 | 201160251 | 自科库501/501自科库 32排1列3层/ [索取号:TH111-43/H454] | 在馆 | |
| 5 | 116026 | 201160260 | 自科库501/501自科库 32排1列3层/ [索取号:TH111-43/H454] | 在馆 |